000 00918nmm a2200289 a 4500
001 ocm000551669
003 TR-IsHL
005 20201028122922.0
008 110704s2010 tu tur
007 cr cn
020 _a9786055598259
035 _a551669
_b(N$T)
050 0 4 _aBF637.S4
_bH37 2010
090 0 4 _aBF637.S4
_bH37 2010
100 1 _aHarricharan, John
245 1 0 _aGüç kitabı
_h[electronic resource] /
_cJohn Harricharan ; Bahar Varol
250 _a1. bs.
260 _aİstanbul :
_bDharma Yayıncılık,
_c2010
300 _a96 p.
650 4 _aFelsefe, Psikoloji ve Din
650 4 _aPhilosophy, Psychology and Religion
650 0 _aKişisel gelişim
650 0 _aPersonal development
650 7 _aPSYCHOLOGY / Developmental / General
_2bisacsh
700 1 _aVarol, Bahar
856 4 0 _uhttp://search.ebscohost.com/login.aspx?direct=true&scope=site&db=e011xww&AN=551669
999 _c2127
_d2127